[Event "Pan American-ch U16 24th"]
[Site "Villa Carlos Paz"]
[Date "2008.07.03"]
[Round "5"]
[White "Abarca Gonzalez, Nicolas"]
[Black "Guerrero Fandino, Gustavo A"]
[Result "0-1"]
[WhiteElo "2032"]
[BlackElo "1945"]
[PlyCount "66"]
[EventDate "2008.06.30"]
[EventType "swiss"]
[EventRounds "9"]
[EventCountry "ARG"]
[SourceTitle "EXT 2022"]
[Source "ChessBase"]
[SourceDate "2021.10.06"]
[SourceVersion "1"]
[SourceVersionDate "2021.10.06"]
[SourceQuality "1"]

1. c4 Nf6 2. Nc3 g6 3. g3 Bg7 4. Bg2 c6 5. Qb3 d6 6. d4 Qc7 7. Nf3 0-0 8. 0-0 Nbd7 9. e4 e5 10. Rd1 Kh8 11. Bg5 h6 12. Bxf6 Nxf6 13. c5 dxc5 14. dxc5 Be6 15. Qc2 Rfd8 16. b4 Nd7 17. a4 a5 18. bxa5 Nxc5 19. Rdb1 Qxa5 20. Ne1 Rd4 21. Bf1 Rad8 22. Nf3 R4d7 23. Nd1 Nxe4 24. Qxe4 Bf5 25. Qe2 Bd3 26. Qxd3 Rxd3 27. Bxd3 Rxd3 28. Nh4 e4 29. Nb2 Qd5 30. Nxd3 Bxa1 31. Nf4 Qa2 32. Rxb7 Kg7 33. Rd7 Bd4 0-1

[Event "Pan American-ch U16 24th"]
[Site "Villa Carlos Paz"]
[Date "2008.07.03"]
[Round "6"]
[White "Guerrero Fandino, Gustavo A"]
[Black "Espinoza Palomino, Willyam"]
[Result "1-0"]
[WhiteElo "1945"]
[BlackElo "2130"]
[PlyCount "66"]
[EventDate "2008.06.30"]
[EventType "swiss"]
[EventRounds "9"]
[EventCountry "ARG"]
[SourceTitle "EXT 2022"]
[Source "ChessBase"]
[SourceDate "2021.10.06"]
[SourceVersion "1"]
[SourceVersionDate "2021.10.06"]
[SourceQuality "1"]

1. e4 e5 2. f4 exf4 3. Nf3 g5 4. h4 g4 5. Ne5 Nf6 6. Bc4 Qe7 7. Bxf7+ Kd8 8. d4 d6 9. Bxf4 dxe5 10. dxe5+ Bd7 11. e6 Bg7 12. Nc3 Kc8 13. Nd5 Nxd5 14. exd5 Qb4+ 15. Qd2 Qxd2+ 16. Kxd2 Be8 17. Bxe8 Rxe8 18. Rhf1 Na6 19. Bg3 b5 20. Rf7 Bxb2 21. Rb1 Ba3 22. Rxb5 Rb8 23. Rxb8+ Kxb8 24. Rxh7 Bb4+ 25. Kd3 Bf8 26. Ke4 Be7 27. Kf5 Nb4 28. c4 Nc2 29. Kg6 Bd8 30. Rd7 Kc8 31. Be5 Ne3 32. Kf7 Re7+ 33. Rxe7 Nxc4 1-0

[Event "Pan American-ch U16 24th"]
[Site "Villa Carlos Paz"]
[Date "2008.07.01"]
[Round "2"]
[White "Sarmiento, Clein Alexander"]
[Black "Guerrero Fandino, Gustavo A"]
[Result "1/2-1/2"]
[WhiteElo "2026"]
[BlackElo "1945"]
[PlyCount "84"]
[EventDate "2008.06.30"]
[EventType "swiss"]
[EventRounds "9"]
[EventCountry "ARG"]
[SourceTitle "EXT 2022"]
[Source "ChessBase"]
[SourceDate "2021.10.06"]
[SourceVersion "1"]
[SourceVersionDate "2021.10.06"]
[SourceQuality "1"]

1. e4 c5 2. Nf3 d6 3. d4 cxd4 4. Nxd4 Nf6 5. Nc3 a6 6. Be2 e5 7. Nb3 Be6 8. Be3 Be7 9. 0-0 0-0 10. Qd2 Nbd7 11. Rad1 b5 12. f3 Qc7 13. Kh1 Rac8 14. Rf2 Rfd8 15. Bf1 Nb6 16. Bxb6 Qxb6 17. Qe1 d5 18. exd5 Nxd5 19. Nxd5 Bxd5 20. Rfd2 Qe6 21. Re2 f6 22. Nd4 Qf7 23. Nf5 Bc5 24. Red2 Rd7 25. Qg3 Kf8 26. Qxg7+ Qxg7 27. Nxg7 Rcd8 28. c4 Kxg7 29. Rxd5 Rxd5 30. Rxd5 Rxd5 31. cxd5 Kf7 32. Bd3 h6 33. g4 Ke7 34. Kg2 Kd6 35. Be4 Bd4 36. b3 Kc5 37. Kg3 Be3 38. Kh4 Kd6 39. Kh5 Ke7 40. Kg6 Bg5 41. a4 bxa4 42. bxa4 a5 1/2-1/2

[Event "COL-ch U16"]
[Site "Cali"]
[Date "2008.04.06"]
[Round "6"]
[White "Guelgua, Alvaro"]
[Black "Guerrero Fandino, Gustavo A"]
[Result "1/2-1/2"]
[WhiteElo "1964"]
[BlackElo "1945"]
[PlyCount "81"]
[EventDate "2008.04.03"]
[EventType "swiss"]
[EventRounds "7"]
[EventCountry "COL"]
[SourceTitle "EXT 2010"]
[Source "ChessBase"]
[SourceDate "2010.11.25"]
[SourceVersion "1"]
[SourceVersionDate "2010.11.25"]
[SourceQuality "1"]

1. e4 e5 2. Nf3 Nf6 3. Nxe5 d6 4. Nf3 Nxe4 5. Qe2 Qe7 6. d3 Nf6 7. Bg5 Qxe2+ 8. Bxe2 Be7 9. Nc3 h6 10. Bh4 Bd7 11. d4 Nc6 12. 0-0-0 0-0-0 13. Bg3 Nh5 14. Rhe1 Nxg3 15. hxg3 Rde8 16. Bc4 Rhf8 17. Nd5 Bg4 18. Ne3 Bg5 19. Rd3 Bxe3+ 20. Rdxe3 Rxe3 21. fxe3 Kd7 22. Kd2 f5 23. Rf1 Rf6 24. Bd3 Nb4 25. Bc4 Nc6 26. Bd3 Nb4 27. Bb5+ c6 28. Ba4 b5 29. Bb3 Na6 30. a4 Nc7 31. axb5 cxb5 32. c4 a6 33. Kd3 Ke7 34. cxb5 axb5 35. Ra1 Bxf3 36. gxf3 Rg6 37. Rg1 h5 38. Ke2 h4 39. Kf2 hxg3+ 40. Rxg3 Rxg3 41. Kxg3 1/2-1/2